Academic employment decisions and gender (Record no. 61729)

MARC details
000 -CABECERA
campo de control de longitud fija 00685nam a2200253 a 4500
005 - FECHA Y HORA DE LA ÚLTIMA TRANSACCIÓN
campo de control 20210219152825.0
008 - ELEMENTOS DE LONGITUD FIJA--INFORMACIÓN GENERAL
campo de control de longitud fija 991125n 000 0 eng u
035 ## - NÚMERO DE CONTROL DEL SISTEMA
Número de control de sistema UPN01000062467
100 ## - ASIENTO PRINCIPAL--NOMBRE PERSONAL
Nombre de persona Teevan, James J.
222 ## - TÍTULO CLAVE
Título clave RESEARCH IN HIGHER EDUCATION
245 ## - MENCIÓN DE TÍTULO
Título Academic employment decisions and gender
300 ## - DESCRIPCIÓN FÍSICA
Extensión 141-160
362 ## - FECHAS DE PUBLICACIÓN Y/O DESIGNACIÓN SECUENCIAL
Fecha de publicación y/o designación secuencial 1992 33, No. 2
653 0# - TERMINO DE INDIZACION - NO CONTROLADO
Término no controlado ACTITUD DOCENTE
653 0# - TERMINO DE INDIZACION - NO CONTROLADO
Término no controlado DIFERENCIAS SEXUALES
653 0# - TERMINO DE INDIZACION - NO CONTROLADO
Término no controlado FACULTAD COLEGIAL
653 0# - TERMINO DE INDIZACION - NO CONTROLADO
Término no controlado MODELOS DE EMPLEO
653 0# - TERMINO DE INDIZACION - NO CONTROLADO
Término no controlado SOLICITANTE AL TRABAJO
653 0# - TERMINO DE INDIZACION - NO CONTROLADO
Término no controlado TENER DECISION
700 ## - ASIENTO SECUNDARIO--NOMBRE DE PERSONAL
Nombre de persona Pepper, Susan
700 ## - ASIENTO SECUNDARIO--NOMBRE DE PERSONAL
Nombre de persona Pellizzari, Joseph R.
904 ## - ELEMENTOS DE DATOS D LOCAL, LDD (RLIN)
a AC
b 000278
905 ## - TIPO DE MATERIAL
Tipo de material Articulo

No items available.